000 00322 a2200145 4500
001 167810
020 _a
040 _cMagnum
100 _aBelotur
240 1 0 _aBelo horizonte - guia turistico cultural
_lpor
245 1 0 _aBelo horizonte - guia turistico cultural
362 0 _a1899
697 _aGERAL
942 _cBK
999 _c167810
_d167810